Statistiques concernant Pays dont le drapeau se contient lui-même

Cliquez ici pour prendre le quiz!

Statistiques générales

  • Ce quiz a été pris 282 fois
  • Le résultat moyen est 4 sur 8

Statistiques - réponses

Réponses% Correct
Monaco
86%
Pologne
85%
Indonésie
82%
Ukraine
41%
Seychelles
21%
Bénin
14%
Madagascar
14%
Tchéquie
14%

Distribution des résultats

Percentile par nombre de réponses

% des personnes avec chaque résultat

Votre développement - résultats

Vous n’avez pas pris ce quiz